000 00354 a2200109 4500
001 ART_7244
005 20260410161623.0
008 260409a
245 1 0 _aCostos, beneficios y riesgos de la simplificación del Proyecto 22 de Resolución Técnica
100 1 _aZgaib, Alfredo O.
773 0 _tEnfoques
_g- Nº 12 (dic. 2011)
_wREV416
999 _c11737
_d11737